Top 20 des pays dans la production d'énergie solaire - Statistiques

Statistiques générales
  • Ce quiz a été pris 204 fois
  • Le résultat moyen est 13 sur 20
Statistiques - réponses
Énergie solaire (GWh) Pays % Correct
24,603 États-Unis
97%
7,400 France
97%
29,229 Chine
94%
11,968 Espagne
93%
38,400 Allemagne
90%
22,306 Italie
88%
24,506 Japon
85%
4,909 Inde
83%
4,952 Australie
78%
7,561 Royaume-Uni
75%
1,103 Corée du Sud
65%
608 Argentine
60%
2,148 Belgique
54%
1,694 Gréce
52%
596 Danemark
44%
493 Thailande
41%
1,000 Pakistan
38%
2,149 Republiqué Tchèque
13%
814 Bulgarie
12%
424 Slovaquie
11%
Aucun quiz correspondant
Distribution des résultats
% des personnes avec chaque résultat
Percentile par nombre de réponses
Votre historique - résultats
Vous n’avez pas pris ce quiz